000
00286nam a2200109Ia 4500
008
200302s9999 xx 000 0 und d
100
_a
Baruch Givoni
245
_a
Climate considerations in building and urban design
260
_b
John Wiley and Sons ,Inc
260
_c
1998
300
_a
463
999
_c
6080
_d
6080